<?xml version='1.0' encoding='UTF-8'?>
  <record xmlns="http://www.loc.gov/MARC21/slim">
    <leader>00000cem a2200000 i 4500</leader>
    <controlfield tag="001">ocn902704471</controlfield>
    <controlfield tag="003">OCoLC</controlfield>
    <controlfield tag="005">20250127162442.2</controlfield>
    <controlfield tag="007">au cuuun</controlfield>
    <controlfield tag="008">150202s1696    ne        u     0   und d</controlfield>
    <datafield tag="040" ind1=" " ind2=" ">
      <subfield code="a">NLGGC</subfield>
      <subfield code="b">dut</subfield>
      <subfield code="e">fobidrtb</subfield>
      <subfield code="c">NLGGC</subfield>
      <subfield code="d">QGJ</subfield>
      <subfield code="d">OCLCL</subfield>
      <subfield code="d">OCLCQ</subfield>
    </datafield>
    <datafield tag="035" ind1=" " ind2=" ">
      <subfield code="a">(OCoLC)902704471</subfield>
    </datafield>
    <datafield tag="084" ind1=" " ind2=" ">
      <subfield code="a">74.20</subfield>
      <subfield code="2">bcl</subfield>
    </datafield>
    <datafield tag="100" ind1="1" ind2=" ">
      <subfield code="a">Visscher, Nicolaas,</subfield>
      <subfield code="d">1649-1702.</subfield>
    </datafield>
    <datafield tag="245" ind1="1" ind2="0">
      <subfield code="a">Hollandiae Comitatus in ejusdem subjacentes ditiones; una cum toto Ultrajectino Dominio, nec non maximis partibus Geldriæ Ducatus, Frisiæ Comitatus, aliarumq[ue] vicinarum provinciarum foederatarum; exactissimè delineatus =</subfield>
      <subfield code="b">Landkaart vertonende het Graafschap Holland, seer dienstig om te reysen na, en van syne naburige provincien, als mede de hoven van Soestdyk, 't Loo en Cleef /</subfield>
      <subfield code="c">per Nicolaum Visscher ... ; G. Gouwen schulp.</subfield>
    </datafield>
    <datafield tag="246" ind1="3" ind2=" ">
      <subfield code="a">Landkaart vertonende het Graafschap Holland, seer dienstig om te reysen na, en van syne naburige provincien, als mede de hoven van Soestdyk, 't Loo en Cleef</subfield>
    </datafield>
    <datafield tag="255" ind1=" " ind2=" ">
      <subfield code="a">Schaal [ca. 1:300.000].</subfield>
    </datafield>
    <datafield tag="260" ind1=" " ind2=" ">
      <subfield code="a">t' Amsteldam :</subfield>
      <subfield code="b">[door Nicolaus Visscher [II],</subfield>
      <subfield code="c">[ca. 1696]</subfield>
    </datafield>
    <datafield tag="300" ind1=" " ind2=" ">
      <subfield code="a">1 krt. :</subfield>
      <subfield code="b">koperdiepdruk, in kleur. ;</subfield>
      <subfield code="c">in 2 bladen ; 75 x 56 cm.</subfield>
    </datafield>
    <datafield tag="336" ind1=" " ind2=" ">
      <subfield code="a">cartografische afbeelding</subfield>
      <subfield code="b">cri</subfield>
      <subfield code="2">rdacontent/dut</subfield>
    </datafield>
    <datafield tag="337" ind1=" " ind2=" ">
      <subfield code="a">zonder medium</subfield>
      <subfield code="b">n</subfield>
      <subfield code="2">rdamedia/dut</subfield>
    </datafield>
    <datafield tag="338" ind1=" " ind2=" ">
      <subfield code="a">vel</subfield>
      <subfield code="b">nb</subfield>
      <subfield code="2">rdacarrier/dut</subfield>
    </datafield>
    <datafield tag="500" ind1=" " ind2=" ">
      <subfield code="a">Oorspr. verschenen in: 1. Atlas minor [...]. - Amstelaedami : ex officina Nicolai Visscher, [ca. 1696]; 2. Atlas minor [...]. - Amstelodami : ex officina Nicolai Visscher, [ca. 1697]; 3. Atlas minor [...]. - Amsterdam : chez la veuve de Nicolas Visscher, [na 1702]; 4. Atlas minor [...]. - Amst: Bat: Nicolaum Visscher [..., na 1705]; 5. N: Visscheri Germania Inferior [...]. - [Amsterdam] : nieulycx uytgegeven door Nicolae Visscher [..., ca. 1705]; 6. Magnum theatrum belli [...]. - Tot Amsterdam : te samen gesteld en uitgegeeven door Carel Allard, [1707-1708]; 7. Atlas major Fci de Wit. - Amstelodamo ; Londini : ex officina Petri Mortier ; apud Christophorum Browne, [ca. 1710]; 8. Atlas. - Amsterdam : apud Reinerum et Iosuam Ottens, [1725-1750]; 9. Atlas minor [...]. - Amstelædami : ex officina by Adriaan Braakman, 1706.</subfield>
    </datafield>
    <datafield tag="500" ind1=" " ind2=" ">
      <subfield code="a">Geen typografische tekst op de keerzijde.</subfield>
    </datafield>
    <datafield tag="500" ind1=" " ind2=" ">
      <subfield code="a">Privileges: 'Cum: privil: ordin: general: Belgii Foederati' en 'met privilegie'</subfield>
    </datafield>
    <datafield tag="510" ind1="0" ind2=" ">
      <subfield code="a">Blonk 70.2</subfield>
    </datafield>
    <datafield tag="651" ind1=" " ind2="7">
      <subfield code="a">Holland.</subfield>
      <subfield code="0">(NL-LeOCL)078535999.</subfield>
      <subfield code="2">gtt</subfield>
    </datafield>
    <datafield tag="655" ind1=" " ind2="7">
      <subfield code="a">Kaarten (vorm)</subfield>
      <subfield code="0">(NL-LeOCL)088143554.</subfield>
      <subfield code="2">gtt</subfield>
    </datafield>
    <datafield tag="700" ind1="1" ind2=" ">
      <subfield code="a">Gouwen, Gilliam van der.</subfield>
    </datafield>
    <datafield tag="758" ind1=" " ind2=" ">
      <subfield code="a">Hollandiae Comitatus in ejusdem subjacentes ditiones; una cum toto Ultrajectino Dominio, nec non maximis partibus Geldriæ Ducatus, Frisiæ Comitatus, aliarumq[ue] vicinarum provinciarum foederatarum; exactissimè delineatus (CartographicMaterial)</subfield>
      <subfield code="1">https://id.oclc.org/worldcat/entity/E39PCXrb4ggTHdjVwXXFJ7QBxC</subfield>
      <subfield code="4">https://id.oclc.org/worldcat/ontology/hasWork</subfield>
    </datafield>
    <datafield tag="856" ind1="4" ind2="1">
      <subfield code="u">http://objects.library.uu.nl/reader/resolver.php?obj=002197724&amp;type=2</subfield>
      <subfield code="x">Online</subfield>
      <subfield code="z">Full image</subfield>
    </datafield>
    <datafield tag="936" ind1=" " ind2=" ">
      <subfield code="a">BATCHLOAD</subfield>
    </datafield>
  </record>